| 000 | 00788nam1a22002411i 4500 | ||
|---|---|---|---|
| 001 | rc\3238975 | ||
| 005 | 20240723211702.0 | ||
| 010 | _938 | ||
| 035 | _a(NLR Aleph) 007374330 | ||
| 090 |
_a6440558 _c6440558 |
||
| 100 | _a20130115d1972 |||y0rusy50 ca | ||
| 101 | 0 | _arus | |
| 102 | _aRU | ||
| 105 | _ay z ||||| | ||
| 200 | 1 |
_aУровень образования населения по основным занятиям... _eТабл. 238 _e[1]- _fВсесоюз. перепись населения 1970 г. |
|
| 210 |
_a[Москва _cБ. и. _d1972] |
||
| 215 | _d40 | ||
| 309 | _aБез тит. л. и обл. | ||
| 333 | _aДля служебного пользования | ||
| 801 | 0 |
_aRU _bNLR _gpsbo |
|
| 801 | 1 |
_aRU _bELAR _2rusmarc |
|
| 852 |
_aNLR _j72-50к/3291 |
||
| 942 | _cBOOK | ||